[Event "Rilton Cup 9899"]
[Site "Stockholm"]
[Date "1999.01.04"]
[Round "7"]
[White "Nielsen, Peter Heine"]
[Black "Ehlvest, Jaan"]
[Result "1/2-1/2"]
[WhiteElo "2515"]
[BlackElo "2620"]

1.d4 Nf6 2.c4 e6 3.Nf3 b6 4.g3 Ba6 5.b3 Bb4+ 6.Bd2 Bxd2+ 7.Qxd2 c5 8.Bg2 d5
9.cxd5 exd5 10.Ne5 O-O 11.Nc3 Re8 12.O-O Qd6 13.Nc4 Qd7 14.Rfd1 b5 15.Ne3 cxd4
16.Qxd4 Nc6 17.Qc5 Ne7 18.Ncxd5 Nexd5 19.Nxd5 Nxd5 20.Rxd5 Qe7 21.Qxe7 Rxe7
22.Rad1 g6 23.Rd7 Rae8 24.R1d6 Rxd7 25.Rxd7 Rxe2 26.Rxa7 Re1+ 27.Bf1 Bc8
28.Ra8 Rc1 29.Kg2 Kg7 30.Rb8 Bf5 31.Rxb5 Rc2 32.Kf3 Rxa2 33.Bc4 Bd7 34.Rb6 g5
35.h4 gxh4 36.gxh4 Ra1 37.Rd6 Bc8 38.Rd8 Bh3 39.Kg3 Bf5 40.Kf4 Bg6 41.Ke3 Re1+
42.Be2 Rb1 43.Bd1 Kf6 44.h5 Bf5 45.Rd4 h6 46.b4 Ke5 47.f4+ Kf6 48.Kd2 Ke7
49.Kc3 Bd7 50.Bb3 Bg4 51.b5 Bxh5 52.b6 Bf3 53.f5 Bb7 54.f6+ Kxf6 55.Rd7 Bh1
56.Rxf7+ Ke5 57.Rh7 Bd5 58.Bxd5 Kxd5 59.Rxh6  1/2-1/2

[Event "Geneve op"]
[Site "Geneve"]
[Date "1999.01.28"]
[Round "6"]
[White "Meijers, Viesturs"]
[Black "Ehlvest, Jaan"]
[Result "1-0"]
[WhiteElo "2418"]
[BlackElo "2593"]

1.e4 c5 2.Nf3 e6 3.d4 cxd4 4.Nxd4 a6 5.c4 Nf6 6.Bd3 Nc6 7.Nf3 Bc5 8.O-O Qc7
9.Bg5 Ng4 10.Bh4 O-O 11.Nc3 d6 12.a3 Bd7 13.b4 Ba7 14.Rc1 Rac8 15.Be2 Rfe8
16.Kh1 Nge5 17.Bg3 f6 18.h3 Red8 19.Nd2 Nd4 20.f4 Nxe2 21.Nxe2 Nf7 22.Rf3 Bc6
23.Rd3 Qe7 24.Nc3 b5 25.cxb5 axb5 26.a4 bxa4 27.b5 Bb7 28.Nxa4 d5 29.b6 Bb8
30.exd5 Bxd5 31.Rxc8 Rxc8 32.f5 Bxg3 33.fxe6 Qxe6 34.Rxg3 Ne5 35.Kh2 Rd8
36.Ne4 Qe7 37.Qc2 f5 38.Qc5 Qh4 39.Nd6 Bxg2 40.Qxe5  1-0

[Event "Goodricke 10th op"]
[Site "Calcutta"]
[Date "1999.02.06"]
[Round "1"]
[White "Chiong, Luiz"]
[Black "Ehlvest, Jaan"]
[Result "1/2-1/2"]
[WhiteElo "2390"]
[BlackElo "2590"]

1.d4 g6 2.c4 Bg7 3.Nf3 d6 4.Nc3 Nf6 5.e4 O-O 6.Be2 Na6 7.O-O c6 8.h3 e5 9.dxe5 dxe5
10.Qxd8 Rxd8 11.Be3 Re8 12.a3 Nh5 13.Rfd1 Nf4 14.Bf1 f5 15.c5 Ne6 16.b4 Nac7
17.Bc1 Nd4 18.Nd2 Be6 19.Nc4 Nb3 20.Rb1 Nxc1 21.Rbxc1 Re7 22.Nd6 Rb8 23.Rb1 Bf8
24.b5 cxb5 25.Ncxb5 Nxb5 26.Rxb5 Rd7 27.Rdb1 Bxd6 28.cxd6 Rxd6 29.Rxe5 fxe4
30.Rc1 Kf7 31.Rxe4 Rbd8 32.Rce1 Kf6 33.Rf4+ Kg7 34.Rfe4 Kf6 35.Rf4+ Kg7 36.Rfe4 Kf6
37.Rf4+ Kg7  1/2-1/2

[Event "Goodricke 10th op"]
[Site "Calcutta"]
[Date "1999.02.07"]
[Round "2"]
[White "Ehlvest, Jaan"]
[Black "Sharma, Dinesh K"]
[Result "0-1"]
[WhiteElo "2590"]
[BlackElo "2375"]

1.e4 e5 2.Nf3 Nc6 3.Bb5 a6 4.Ba4 Nf6 5.Nc3 b5 6.Bb3 Bc5 7.O-O d6 8.a4 Rb8
9.axb5 axb5 10.Nd5 Nxd5 11.Bxd5 Nd4 12.b4 Bb6 13.Nxd4 Bxd4 14.Ra3 Bb7 15.Bxb7 Rxb7
16.Qh5 Ra7 17.Rf3 c6 18.c3 Bb6 19.d4 Qe7 20.Be3 exd4 21.cxd4 O-O 22.Rf4 f6
23.Rc1 Qd7 24.Rh4 g6 25.Qd1 d5 26.Qb3 Rfa8 27.Rf4 Qe6 28.g3 Ra1 29.Rxa1 Rxa1+
30.Kg2 g5 31.exd5 cxd5 32.Rxf6 Qxf6 33.Qxd5+ Kg7 34.Qd7+ Kg6 35.Qe8+ Kg7
36.Qd7+ Kf8 37.Qxh7 Qc6+ 38.Kh3 Qe6+ 39.g4 Qf6 40.Qe4 Ra7 41.Qd5 Rd7  0-1

[Event "Goodricke 10th op"]
[Site "Calcutta"]
[Date "1999.02.08"]
[Round "3"]
[White "Ganguly, Surya Shekhar"]
[Black "Ehlvest, Jaan"]
[Result "0-1"]
[WhiteElo "2340"]
[BlackElo "2590"]

1.e4 g6 2.d4 d6 3.Nc3 c6 4.Nf3 Bg7 5.Be2 Qc7 6.O-O e5 7.Be3 Nd7 8.a4 Ngf6
9.h3 O-O 10.d5 cxd5 11.exd5 a6 12.a5 b5 13.axb6 Nxb6 14.Qd2 Bb7 15.Bxb6 Qxb6
16.Na4 Qa7 17.c4 Ne4 18.Qc2 Ng3 19.Rfe1 e4 20.Nh2 Bd4 21.Bd1 Rac8 22.Nc3 Rxc4
23.Qd2 Qc5 24.Ra4 Rxa4 25.Nxa4 Qxd5 26.Ng4 Nf5 27.Nc3 Qe6 28.Nh6+ Nxh6 29.Qxd4 Re8
30.Ba4 Re7 31.Nxe4 Bxe4 32.f3 d5 33.Bc2 Nf5 34.Qb4 Qd7 35.fxe4 Qa7+ 36.Kh2 Qc7+
37.Kg1 Qxc2 38.exf5 Rxe1+ 39.Qxe1 Qxf5  0-1

[Event "Goodricke 10th op"]
[Site "Calcutta"]
[Date "1999.02.11"]
[Round "6"]
[White "Ehlvest, Jaan"]
[Black "Deshmukh, Anup"]
[Result "1-0"]
[WhiteElo "2590"]
[BlackElo "2430"]

1.e4 c5 2.Nf3 d6 3.d4 cxd4 4.Nxd4 Nf6 5.Nc3 a6 6.Be3 e5 7.Nb3 Be6 8.f3 Be7
9.Qd2 O-O 10.O-O-O b5 11.g4 b4 12.Nd5 Bxd5 13.exd5 a5 14.Kb1 Nbd7 15.g5 Nh5
16.Rg1 g6 17.h4 f5 18.Bb5 f4 19.Bf2 a4 20.Nc1 a3 21.Qxb4 axb2 22.Nb3 Ng7
23.a4 Nf5 24.Rd3 Ne3 25.h5 Kg7 26.hxg6 hxg6 27.Bxe3 fxe3 28.Qh4 Rh8 29.Qg4 Nf8
30.Rxe3 Rh5 31.Ree1 Rxg5 32.Qe4 Qb6 33.Rxg5 Bxg5 34.Re2 Ra7 35.Qg4 Bf6 36.Qe4 Bg5
37.Qg4 Be3 38.Bd3 Bd4 39.Nxd4 exd4 40.Bb5 Qc5 41.Rd2 Qa3 42.Qxd4+ Kg8 43.Qxb2 Qxf3
44.Qd4 Re7 45.Kb2 Rc7 46.Rd3 Qf7 47.a5 Qh7 48.a6 Qg7 49.Qxg7+ Kxg7 50.Kb3 Nd7
51.Bxd7 Rxd7 52.Kb4 g5 53.Ra3 Ra7 54.Kb5 Kf6 55.Kb6  1-0

[Event "United Insurance 4th"]
[Site "Dhaka"]
[Date "1999.02.20"]
[Round "2"]
[White "Ehlvest, Jaan"]
[Black "Reefat bin Satter"]
[Result "1-0"]
[WhiteElo "2593"]
[BlackElo "2354"]

1.e4 c5 2.Nf3 Nc6 3.Bb5 e6 4.Bxc6 bxc6 5.b3 f6 6.O-O Nh6 7.d4 Nf7 8.c4 cxd4
9.Nxd4 Bb7 10.Ne2 Be7 11.Nbc3 O-O 12.Be3 c5 13.Ng3 g6 14.Qd2 Bc6 15.f3 Kg7
16.Nh1 Qa5 17.Nf2 Kh8 18.Qb2 Rab8 19.Rad1 Ne5 20.Qa1 g5 21.Ne2 Qc7 22.Nc1 d6
23.Qc3 a5 24.a4 Kg8 25.Ncd3 Kf7 26.Bd2 Rg8 27.Rb1 Ra8 28.f4 gxf4 29.Nxf4 Bd7
30.Qh3 Rg7 31.N2d3 Rag8 32.Rf2 Qb7 33.Re1 Ng4 34.Rf3 e5 35.Nd5 Ke8 36.Qh5+ Kf8
37.Ref1 Be8  1-0

[Event "United Insurance 4th"]
[Site "Dhaka"]
[Date "1999.02.22"]
[Round "4"]
[White "Ehlvest, Jaan"]
[Black "Abdulla, Al Rakib"]
[Result "1-0"]
[WhiteElo "2593"]
[BlackElo "2406"]

1.d4 d5 2.c4 c6 3.e3 Nf6 4.Nf3 e6 5.Bd3 Nbd7 6.O-O Bd6 7.Nc3 O-O 8.e4 dxe4
9.Nxe4 Nxe4 10.Bxe4 h6 11.Bc2 Re8 12.Re1 c5 13.Qd3 Nf8 14.Be3 Qc7 15.Rad1 Bd7
16.Ne5 Bxe5 17.dxe5 Qxe5 18.Bxh6 Qf6 19.Bd2 Bc6 20.Qg3 Rad8 21.h4 Nh7 22.Bc3 Qh6
23.Rxd8 Rxd8 24.Re5 Kf8 25.Kh2 b6 26.a3 Nf6  1-0

[Event "United Insurance 4th"]
[Site "Dhaka"]
[Date "1999.02.23"]
[Round "5"]
[White "Hossain, Enamul"]
[Black "Ehlvest, Jaan"]
[Result "0-1"]
[WhiteElo "2310"]
[BlackElo "2593"]

1.e4 e5 2.Nf3 Nc6 3.Bc4 Nf6 4.d3 Be7 5.O-O O-O 6.Re1 d6 7.a4 Kh8 8.a5 a6
9.c3 Ng8 10.d4 exd4 11.Nxd4 Nxd4 12.cxd4 f5 13.f3 Bh4 14.Rf1 Nh6 15.Nc3 fxe4
16.Bxh6 gxh6 17.fxe4 Bd7 18.Kh1 Bf2 19.Qd3 c6 20.b4 Qe7 21.Nd1 Bh4 22.Ne3 Bg5
23.Bb3 Rxf1+ 24.Rxf1 Rf8 25.Nf5 Bxf5 26.exf5 d5 27.Qc3 Re8 28.Bc2 Bf6 29.h3 h5
30.Bd1 h4 31.Bh5 Qe3 32.Qc5 Re7 33.Qa7 Kg7 34.Qb8 Qxd4  0-1

[Event "United Insurance 4th"]
[Site "Dhaka"]
[Date "1999.02.24"]
[Round "6"]
[White "Ehlvest, Jaan"]
[Black "Kunte, Abhijit"]
[Result "1-0"]
[WhiteElo "2593"]
[BlackElo "2455"]

1.Nf3 c5 2.e4 e6 3.d3 d5 4.Qe2 Nf6 5.g3 b6 6.c4 dxe4 7.dxe4 Bb7 8.e5 Nfd7
9.Bg2 Nc6 10.O-O Be7 11.Nc3 Qb8 12.Rd1 g5 13.Bxg5 Bxg5 14.Nxg5 Qxe5 15.Nxf7 Qxe2
16.Nxe2  1-0

[Event "United Insurance 4th"]
[Site "Dhaka"]
[Date "1999.02.25"]
[Round "7"]
[White "Neelotpal, Das"]
[Black "Ehlvest, Jaan"]
[Result "1/2-1/2"]
[WhiteElo "2436"]
[BlackElo "2593"]

1.e4 c5 2.Nf3 g6 3.c3 d5 4.exd5 Qxd5 5.d4 Nf6 6.Be2 Bg7 7.O-O O-O 8.Be3 Ng4
9.Bg5 Nc6 10.h3 Nf6 11.c4 Qf5 12.Bd3 Qd7 13.d5 Nb4 14.Nc3 e6 15.Be2 b6 16.a3 Na6
17.Ne5 Qe8 18.Bf3 exd5 19.Re1 Ne4 20.Bxe4 dxe4 21.Nxe4 Qxe5 22.Nf6+ Bxf6
23.Rxe5 Bxe5 24.Qd5 Bxb2 25.Qxa8 Bxa1 26.Be7 Re8 27.Qc6 Rxe7 28.Qxc8+ Kg7
29.Qxa6 Re1+ 30.Kh2 Be5+ 31.g3 Re2 32.Kg1 Bd4 33.Qxa7 Rxf2 34.Qa6 b5 35.Kh1 b4
36.axb4 cxb4 37.Qb5 Rb2 38.c5 b3 39.c6 Rb1+ 40.Kg2 Rb2+ 41.Kh1 Rb1+ 42.Kg2 b2
43.Qd3 Rg1+ 44.Kh2 b1=Q 45.Qxd4+ f6 46.Qxg1 Qc2+ 47.Qg2 Qc4 48.g4 Kf7 49.Qf3 Qc2+
50.Kg3 Qc4 51.h4 Ke6 52.h5 Kf7 53.hxg6+ hxg6 54.Kh3 Ke6 55.Qe3+ Kd6 56.Qg3+ Kxc6
57.Qf3+ Kd6  1/2-1/2

[Event "United Insurance 4th"]
[Site "Dhaka"]
[Date "1999.03.02"]
[Round "12"]
[White "Szekely, Peter"]
[Black "Ehlvest, Jaan"]
[Result "1-0"]
[WhiteElo "2444"]
[BlackElo "2593"]

1.Nf3 g6 2.d4 Bg7 3.g3 c5 4.c3 Qa5 5.dxc5 Qxc5 6.Bg2 Nf6 7.Na3 O-O 8.Qa4 Nc6
9.Be3 Qh5 10.h3 h6 11.Rd1 d6 12.Qb5 Qxb5 13.Nxb5 Bd7 14.Nbd4 Rfc8 15.O-O Rab8
16.Nd2 Ne5 17.N4f3 Nc6 18.Nd4 a6 19.Rc1 b5 20.b3 Na5 21.Nc2 Bc6 22.Bxc6 Nxc6
23.c4 bxc4 24.Nxc4 Nd5 25.Bd2 Nc3 26.Bxc3 Bxc3 27.N2e3 Bd4 28.Nd5 Kf8 29.Rfd1 Ba7
30.Kg2 Bc5 31.e3 h5 32.h4 Ke8 33.Nc3 Ba7 34.Nd5 Kd8 35.Nc3 Rb7 36.Nd5 Bc5
37.Nc3 Ba7 38.Nd5 Nb4 39.Na5 Rxc1 40.Nxb7+ Kd7 41.Rxc1 Nxd5 42.Na5 Bc5 43.Nc4 Nb4
44.a3 Nc6 45.b4 Ba7 46.Rd1 Kc7 47.Kf1 Kd7 48.Ke2 Ke6 49.Nd2 Bb6 50.Rb1 Na7
51.a4 d5 52.f4 Kd6 53.Kd3 e6 54.Nf3 f6 55.Rb2 Kd7 56.e4 dxe4+ 57.Kxe4 Nc8
58.Nd2 Nd6+ 59.Kf3 f5 60.Rc2 Bd4  1-0

[Event "IND-ROW m"]
[Site "Bali"]
[Date "1999.05.08"]
[Round "7"]
[White "Ehlvest, Jaan"]
[Black "Barus, Cerdas"]
[Result "1-0"]
[WhiteElo "2593"]
[BlackElo "2465"]

1.e4 c6 2.f4 d5 3.e5 g6 4.d4 Bf5 5.Nf3 e6 6.Be3 h5 7.Nbd2 Qb6 8.Qc1 Bg4 9.c4 Nd7
10.Ng5 Be7 11.h3 Bf5 12.Ndf3 Nf8 13.Be2 Nh7 14.a3 Qd8 15.g3 f6 16.Nxh7 Rxh7
17.c5 Be4 18.Rh2 f5 19.Ng5 Bxg5 20.fxg5 Ne7 21.b4 h4 22.Bf2 hxg3 23.Bxg3 b6
24.Bf4 a5 25.h4 axb4 26.axb4 bxc5 27.Rxa8 Qxa8 28.Qxc5 Qa3 29.Kf2 Qa2 30.Qc3 Kf7
31.Rh3 Rh8 32.Qd2 Ra8 33.Qxa2 Rxa2 34.Ke1 Ra1+ 35.Kf2 Ra2 36.Rc3 Rb2 37.Ra3 Rxb4
38.Ra7 Rb2 39.Bc1 Rc2 40.Ba3 Bd3 41.Rxe7+ Kg8 42.Rxe6 f4 43.Re8+ Kg7 44.e6 c5
45.Kf3 Rxe2 46.Bxc5 Bb5 47.Rb8 Re3+ 48.Kxf4 Re4+ 49.Kg3 Ba4 50.e7 Re6 51.Rd8 Kf7
52.Rxd5 Re3+ 53.Kf2 Rh3 54.Re5 Be8 55.Re4 Rc3 56.Rf4+ Ke6 57.Rf6+ Kd7 58.Ra6 Rc2+
59.Ke3 Kc7 60.Ra8 Bb5 61.Rg8 Re2+ 62.Kf3 Re6 63.Kf4  1-0

[Event "CCA ChessWise op"]
[Site "Stratton Mountain"]
[Date "1999.06.14"]
[Round "6"]
[White "Ehlvest, Jaan"]
[Black "Fedorowicz, John P"]
[Result "1-0"]
[WhiteElo "2593"]
[BlackElo "2574"]

1.e4 c5 2.Nf3 d6 3.d4 cxd4 4.Nxd4 Nf6 5.Nc3 Nc6 6.Bg5 e6 7.Qd2 Be7 8.O-O-O O-O
9.f4 Nxd4 10.Qxd4 Qa5 11.Kb1 h6 12.h4 e5 13.Qd3 exf4 14.Bxf4 Be6 15.Be2 Rfe8
16.Nd5 Nxd5 17.exd5 Bd7 18.Bd2 Qb6 19.Rdf1 f5 20.Bc3 Bf8 21.Bh5 Re4 22.Bf7+ Kh8
23.Re1 Qf2 24.Qf3 Rxe1+ 25.Bxe1 Qxf3 26.gxf3 Be7 27.Bc3 Rf8 28.Be6 Bb5 29.f4 Kh7
30.Bd4 b6 31.Kc1 Be2 32.Re1 Bh5 33.Bg8+ Kxg8 34.Rxe7 Rf7 35.Re8+ Kh7 36.Rd8 g5
37.hxg5 hxg5 38.fxg5 Kg6 39.Rg8+ Kh7 40.Rh8+ Kg6 41.Bf6 Rh7 42.Rxh7 Kxh7
43.Be7 Kg6 44.Kd2 f4 45.c4 Bf3 46.Kd3 Kf5 47.Bxd6 Kxg5 48.Bb8 a6 49.Bc7 b5
50.b3 Bg2 51.Kd4 f3 52.Bg3 bxc4 53.bxc4 Kf6 54.c5  1-0

[Event "World op Champions"]
[Site "Philadelphia"]
[Date "1999.06.27"]
[Round "4"]
[White "Akopian, Vladimir"]
[Black "Ehlvest, Jaan"]
[Result "1/2-1/2"]
[WhiteElo "2640"]
[BlackElo "2593"]

1.Nf3 Nf6 2.c4 e6 3.d4 d5 4.Nc3 Be7 5.Qc2 c6 6.e4 dxe4 7.Nxe4 Nxe4 8.Qxe4 Nd7
9.Bd2 c5 10.Bc3 cxd4 11.Qxd4 Bf6 12.Qd2 b6 13.Be2 Bxc3 14.Qxc3 Qf6 15.Qxf6 Nxf6
16.O-O Bb7 17.Rfd1  1/2-1/2

[Event "World op"]
[Site "Philadelphia"]
[Date "1999.06.28"]
[Round "2"]
[White "Ehlvest, Jaan"]
[Black "Miton, Kamil"]
[Result "1-0"]
[WhiteElo "2593"]
[BlackElo "2383"]

1.c4 Nf6 2.Nf3 c5 3.Nc3 Nc6 4.g3 g6 5.Bg2 Bg7 6.d4 O-O 7.d5 Na5 8.Nd2 d6
9.a3 Ng4 10.Qc2 a6 11.Rb1 Ne5 12.b3 Rb8 13.a4 e6 14.O-O exd5 15.cxd5 b5 16.axb5 axb5
17.Nd1 Bg4 18.Re1 Qb6 19.h3 Bc8 20.Kh2 Nd7 21.Bb2 Nf6 22.e4 Bb7 23.Ne3 Rfe8
24.Ba3 Ra8 25.Qb2 Qd8 26.b4 cxb4 27.Qxb4 Rc8 28.e5 Rc3 29.Qxc3 Rxe5 30.Rxb5 Rxd5
31.Nxd5 Ng4+ 32.hxg4 Bxc3 33.Nxc3 Bxg2 34.Kxg2 Qa8+ 35.Nd5 Nc6 36.g5 Kg7  1-0

[Event "Frisco Masters"]
[Site "San Francisco USA"]
[Date "2000.04.01"]
[Round "3"]
[White "Shabalov,A"]
[Black "Ehlvest,J"]
[Result "1-0"]
[WhiteElo "2592"]
[BlackElo "2622"]

1.e4 c5 2.Nf3 d6 3.d4 cxd4 4.Nxd4 Nf6 5.Nc3 e6 6.Be2 Be7 7.O-O Nc6 8.Be3 Bd7
9.Nb3 a6 10.a4 Na5 11.Nd2 Qc7 12.f4 Rc8 13.Qe1 O-O 14.Qf2 Qb8 15.Ba7 Qa8
16.Bb6 Nc6 17.Rad1 Nb4 18.Nc4 d5 19.e5 Ng4 20.Qg3 Nh6 21.Bf2 Rcd8 22.Nb6 Qb8
23.Ne4 Nf5 24.Qc3 Be8 25.g4 d4 26.Qc4 Ne3 27.Bxe3 dxe3 28.Nd6 Nd5 29.Nf5 Bh4
30.Nxd5 exd5 31.Qc3 Bf2+ 32.Kg2 Bc6 33.Qd4 Qc7 34.b4 Bxa4 35.Rd3 Bxc2 36.Rc1 Rc8
37.e6 fxe6 38.Rxc2 Qd7 39.Rxc8 Rxc8 40.Nxe3 Be1 41.f5 Qf7 42.Bf3 Qe7 43.fxe6 Qh4
44.Qb2 Rf8 45.Nf5  1-0

[Event "19th Open"]
[Site "Reykjavik ISL"]
[Date "2000.04.05"]
[Round "1"]
[White "Ehlvest,J"]
[Black "Schnabel,R"]
[Result "1-0"]
[WhiteElo "2622"]
[BlackElo "2233"]

1.d4 f5 2.g3 Nf6 3.Bg2 g6 4.Nh3 Bg7 5.Nd2 c6 6.c4 d6 7.d5 O-O 8.Nf4 Bd7 9.h4 Bh8
10.e4 fxe4 11.Nxe4 Nxe4 12.Bxe4 Na6 13.h5 g5 14.Ng6 hxg6 15.hxg6 g4 16.Rxh8+ Kxh8
17.Qd2 Kg7 18.Qh6+ Kf6 19.g7+ Ke5 20.gxf8=Q Qxf8 21.Qe3  1-0

[Event "19th Open"]
[Site "Reykjavik ISL"]
[Date "2000.04.07"]
[Round "3"]
[White "Ehlvest,J"]
[Black "Schulz,M2"]
[Result "1/2-1/2"]
[WhiteElo "2622"]
[BlackElo "2076"]

1.Nf3 Nf6 2.d4 c5 3.d5 e6 4.c4 exd5 5.cxd5 d6 6.Nc3 g6 7.Nd2 Bg7 8.Nc4 O-O
9.Bg5 h6 10.Bh4 b6 11.e3 Ba6 12.a4 Bxc4 13.Bxc4 a6 14.O-O Nbd7 15.Qc2 Re8
16.Kh1 Qe7 17.Qe2 g5 18.Bg3 h5 19.h3 h4 20.Bh2 g4 21.Bxa6 gxh3 22.gxh3 Ne4
23.Bd3 Nxc3 24.bxc3 Qg5 25.e4 Qh6 26.Rg1 Re7 27.Rxg7+ Kxg7 28.Rg1+ Kf8 29.Qg4 Nf6
30.Qf5 Rd8 31.Bf4 Qh8 32.Bg5 Ng8 33.Bxe7+ Kxe7 34.Qg5+ Qf6 35.Qxf6+ Nxf6
36.Rb1 Nd7 37.Bb5 Ne5 38.f4 Nf3 39.Be2 Nd2 40.Re1 Rg8 41.Bg4 Ra8 42.Bd1 Rg8
43.Bg4 Ra8 44.Rd1 Nb3 45.Rb1 c4 46.Bd1 Rxa4 47.Bxb3 cxb3 48.Kg2 Rxe4 49.Kf3 f5
50.Rxb3 Rc4 51.Ke3 b5  1/2-1/2

[Event "19th Open"]
[Site "Reykjavik ISL"]
[Date "2000.04.08"]
[Round "4"]
[White "Bjornsson,S"]
[Black "Ehlvest,J"]
[Result "0-1"]
[WhiteElo "2282"]
[BlackElo "2622"]

1.e4 c5 2.Nf3 e6 3.d4 cxd4 4.Nxd4 Nf6 5.Nc3 d6 6.Be2 Be7 7.O-O Nc6 8.Be3 Bd7
9.f4 Nxd4 10.Bxd4 Bc6 11.Bf3 O-O 12.Kh1 Qc7 13.e5 dxe5 14.Bxe5 Qb6 15.Bxc6 Qxc6
16.f5 Rad8 17.Qe2 exf5 18.Rxf5 Rfe8 19.Raf1 g6 20.R5f3 Bd6 21.Rxf6 Rxe5 22.Qf2 Rh5
23.h4 Qc4 24.Rf3 Qxh4+ 25.Rh3 Qxf2 26.Rxf2 Rxh3+ 27.gxh3 Be5 28.Re2 Bxc3
29.bxc3 Kf8 30.Kg2 Rc8 31.Re3 Rc4  0-1

[Event "19th Open"]
[Site "Reykjavik ISL"]
[Date "2000.04.09"]
[Round "5"]
[White "Ehlvest,J"]
[Black "Bykhovsky,An"]
[Result "1-0"]
[WhiteElo "2622"]
[BlackElo "2409"]

1.e4 e5 2.Nf3 Nc6 3.Bb5 a6 4.Ba4 Nf6 5.O-O Be7 6.Re1 b5 7.Bb3 d6 8.c3 O-O
9.h3 Na5 10.Bc2 c5 11.d4 Nd7 12.dxc5 dxc5 13.Nbd2 Bb7 14.Nf1 Nc4 15.Ng3 Nd6
16.Qe2 Re8 17.Rd1 Qc7 18.b3 Rad8 19.a4 c4 20.b4 a5 21.Ba3 axb4 22.Bxb4 Bc6
23.axb5 Bxb5 24.Ba5 Nb6 25.Nxe5 Nb7 26.Bxb6 Qxb6 27.Rdb1 Bd6 28.Nxf7 Bxg3
29.Nxd8 Rxd8 30.Ba4 Rf8 31.Bxb5 Bxf2+ 32.Kh1  1-0

[Event "Japfa Classic"]
[Site "Bali INA"]
[Date "2000.04.25"]
[Round "4"]
[White "Ehlvest,J"]
[Black "Gunawan,Ru"]
[Result "1-0"]
[WhiteElo "2622"]
[BlackElo "2507"]

1.Nf3 Nf6 2.c4 b6 3.d4 e6 4.e3 Bb7 5.Bd3 Be7 6.O-O O-O 7.Nc3 d5 8.cxd5 exd5
9.b3 Nbd7 10.Bb2 a6 11.Rc1 Bd6 12.Ne2 Re8 13.Rc2 Ne4 14.Qc1 Rc8 15.Ng3 Ndf6
16.Rd1 g6 17.Ne5 Nxg3 18.hxg3 Re6 19.Be2 h5 20.Bf3 Qe8 21.Ba3 Qf8 22.Bxd6 Qxd6
23.Qb2 Nd7 24.Nd3 Re7 25.Rdc1 Nf6 26.b4 c6 27.a4 Rce8 28.b5 cxb5 29.axb5 axb5
30.Ne5 Nd7 31.Nc6 Re6 32.Na7 Qb8 33.Nxb5 Rd8 34.g4 hxg4 35.Bxg4 Rf6 36.Qb4 Kg7
37.Qe7 Rh8  1-0

[Event "Japfa Classic"]
[Site "Bali INA"]
[Date "2000.04.27"]
[Round "5"]
[White "Timman,J"]
[Black "Ehlvest,J"]
[Result "1/2-1/2"]
[WhiteElo "2655"]
[BlackElo "2622"]

1.e4 c5 2.Nf3 e6 3.d4 cxd4 4.Nxd4 Nf6 5.Nc3 d6 6.g4 h6 7.h4 Nc6 8.Rg1 h5
9.gxh5 Nxh5 10.Bg5 Nf6 11.Qd2 Qb6 12.Nb3 a6 13.O-O-O Bd7 14.Rg2 Rc8 15.f4 Nb4
16.Kb1 Rxc3 17.bxc3 Nxe4 18.Qe1 Nd5 19.Rxd5 exd5 20.c4 f5 21.cxd5 Kf7 22.Bd3 Nxg5
23.fxg5 g6 24.Re2 Qd8 25.Qb4 Bc8 26.Na5 Qc7 27.a4 Kg8 28.Re8 Kf7 29.Re2 Kg8
30.Re8 Kf7  1/2-1/2

[Event "Japfa Classic"]
[Site "Bali INA"]
[Date "2000.04.29"]
[Round "7"]
[White "Karpov,An"]
[Black "Ehlvest,J"]
[Result "1-0"]
[WhiteElo "2696"]
[BlackElo "2622"]

1.d4 Nf6 2.c4 e6 3.Nf3 b6 4.g3 Ba6 5.b3 Bb4+ 6.Bd2 Be7 7.Bg2 c6 8.Bc3 d5
9.Ne5 Nfd7 10.Nxd7 Nxd7 11.Nd2 O-O 12.O-O Nf6 13.e4 b5 14.Re1 dxe4 15.Qc2 Rc8
16.Rad1 Nd5 17.Bxe4 Nxc3 18.Qxc3 Bf6 19.c5 Bxd4 20.Qc2 f5 21.Bg2 Qf6 22.b4 Rcd8
23.Nf3 Bc3 24.Re3 Rxd1+ 25.Qxd1 Bc8 26.Qb3 Ba1 27.Ne1 Kh8 28.Nc2 f4 29.gxf4 g5
30.Bxc6 gxf4 31.Rd3 Qg6+ 32.Kf1 Bg7 33.Rd6 Qh5 34.Qf3 Qxh2 35.Ne1 a6 36.Ke2 Qh6
37.Qe4 Qf6 38.Nf3 Qe7 39.Qd3 e5 40.Be4 Bf6 41.Qd5 Qg7 42.Qc6 Qf7 43.Ke1 Bg4
44.a3 Bxf3 45.Bxf3 e4 46.Bxe4 Qc4 47.Qd5 Bc3+ 48.Kd1 Qf1+ 49.Kc2 Bg7 50.f3 Qe2+
51.Qd2 Qc4+ 52.Kd1 Qb3+ 53.Ke2 Qc4+ 54.Qd3 Qa2+ 55.Kf1 Qa1+ 56.Qb1 Qc3 57.Rd3 Qf6
58.Ke2 Qh6 59.Rd7 Re8 60.Qd3 Qf6 61.Qd5 Qb2+ 62.Kf1 Qc1+ 63.Qd1 Qc4+ 64.Kf2 Qa2+
65.Qd2 Qe6 66.c6 Qh6 67.Qd3 Qh2+ 68.Kf1 Qh1+ 69.Ke2 Qh2+ 70.Kd1 Qg1+ 71.Kc2 Qa1
72.Rd8 Qb2+ 73.Kd1 Qa1+ 74.Ke2 Qb2+ 75.Kf1 Qa1+ 76.Kg2 Qa2+ 77.Kh1 Qa1+ 78.Kh2 Qa2+
79.Qd2 Qxd2+ 80.Rxd2 Be5 81.Rd7 Rc8 82.Rxh7+ Kg8 83.Ra7  1-0

[Event "Japfa Classic"]
[Site "Bali INA"]
[Date "2000.05.02"]
[Round "9"]
[White "Zaw Win Lay"]
[Black "Ehlvest,J"]
[Result "1-0"]
[WhiteElo "2633"]
[BlackElo "2622"]

1.e4 g6 2.d4 d6 3.Nc3 c6 4.Nf3 Bg7 5.Be2 Nd7 6.O-O Qc7 7.Be3 Ngf6 8.h3 O-O
9.Qd2 b5 10.a3 Bb7 11.Nh2 a6 12.Ng4 c5 13.f3 Nh5 14.Rfe1 Nb6 15.Bf2 Kh8 16.Rad1 Rad8
17.Bf1 Bc8 18.Qe3 cxd4 19.Rxd4 Be6 20.e5 Nc8 21.f4 dxe5 22.Rxd8 Rxd8 23.fxe5 Rd7
24.a4 bxa4 25.Bxa6 a3 26.Nb5 Qc6 27.Bxc8 Qxc8 28.Nxa3 Qb7 29.c4 h6 30.b3 g5
31.Nb5 Nf4 32.Qe4 Qxe4 33.Rxe4 h5 34.Nh2 Bf5 35.Re1 Nd3 36.Rd1 Nxf2 37.Rxd7 Nxh3+
38.gxh3 Bxd7 39.Nf3 Kg8 40.e6 Bxe6 41.Nxg5 Bd7 42.h4 f5 43.Nc7 Bd4+ 44.Kf1 e5
45.Nd5 Kg7 46.b4 f4 47.Ke2 Bg4+ 48.Kf1 f3 49.c5 Kg6 50.c6 f2 51.b5 Kh6 52.Nf6 Bd1
53.Nfe4 Ba4 54.Nf7+ Kg6 55.Nfd6 Bb6 56.Nxf2 Kf6 57.c7 Bxc7 58.Ne8+ Ke7 59.Nxc7 Kd7
60.b6 Kc6 61.Nd5 Bb3 62.Nd3  1-0

[Event "Japfa Open"]
[Site "Bali INA"]
[Date "2000.05.05"]
[Round "3"]
[White "Irwanto"]
[Black "Ehlvest,J"]
[Result "1-0"]
[WhiteElo "2315"]
[BlackElo "2622"]

1.d4 Nf6 2.c4 e6 3.Nc3 Bb4 4.Qc2 d5 5.e3 O-O 6.Nf3 c5 7.a3 Bxc3+ 8.bxc3 Nc6
9.Bd3 Na5 10.cxd5 exd5 11.O-O c4 12.Be2 Nb3 13.Ra2 Bg4 14.a4 Re8 15.Re1 Ne4
16.Nd2 Bxe2 17.Rxe2 Nexd2 18.Bxd2 Qd7 19.f3 Re6 20.e4 Rae8 21.Bf4 Qe7 22.e5 Ra6
23.Qf5 Qe6 24.g4 Rb6 25.Reb2 Na5 26.Rb5 Nb3 27.h4 Rxb5 28.axb5 a6 29.bxa6 bxa6
30.h5 a5 31.Qxe6 fxe6 32.Kf2 Kf7 33.Be3 Ke7 34.f4 Kd7 35.Kg3 Rf8 36.Kh4 h6
37.Rf2 a4 38.Ra2 Ra8 39.f5 Ke7 40.fxe6 Kxe6 41.g5 hxg5+ 42.Kxg5 a3 43.Kg6 Ra7
44.Bg5 Ra6 45.Kxg7 Ra7+ 46.Kg6 Ra8 47.h6 Rg8+ 48.Kh5 Kf5 49.Rf2+ Ke4 50.h7 Ra8
51.Ra2 Kd3 52.Rxa3  1-0

[Event "Japfa Open"]
[Site "Bali INA"]
[Date "2000.05.11"]
[Round "9"]
[White "Juswanto,D"]
[Black "Ehlvest,J"]
[Result "0-1"]
[WhiteElo "2483"]
[BlackElo "2622"]

1.c4 e6 2.Nf3 b6 3.g3 Bb7 4.Bg2 c5 5.O-O Nf6 6.Nc3 a6 7.b3 Be7 8.Bb2 O-O
9.Rc1 d6 10.e3 Nbd7 11.d3 b5 12.Nd2 Bxg2 13.Kxg2 d5 14.Qe2 Re8 15.f4 bxc4
16.dxc4 Nb6 17.e4 d4 18.Nd1 e5 19.f5 Nfd7 20.h4 Nb8 21.Nf2 Nc6 22.Nd3 Nd7
23.Nf3 Rb8 24.Rb1 a5 25.Bc1 a4 26.Bd2 Rb7 27.Rb2 Qa8 28.Rfb1 f6 29.g4 Nd8
30.g5 Nf7 31.Nf2 Nd6 32.g6 hxg6 33.fxg6 Rb6 34.b4 f5 35.Re1 fxe4 36.Nxe4 Nxe4
37.Qxe4 Qxe4 38.Rxe4 Rxg6+ 39.Ng5 cxb4 40.Bxb4 Rb8 41.a3 Bxg5 42.hxg5 Rxg5+
43.Kf3 Nc5  0-1

[Event "World Open"]
[Site "Philadelphia USA"]
[Date "2000.07.02"]
[Round "5"]
[White "Atalik,S"]
[Black "Ehlvest,J"]
[Result "1/2-1/2"]
[WhiteElo "2575"]
[BlackElo "2622"]

1.d4 Nf6 2.c4 e6 3.Nf3 b6 4.g3 Ba6 5.b3 Bb4+ 6.Bd2 Qe7 7.Bg2 c6 8.Bc3 d5
9.Qc2 Nbd7 10.O-O O-O 11.Ne1 c5 12.e4 dxc4 13.bxc4 cxd4 14.Bxd4 Rac8  1/2-1/2

[Event "Continental Open"]
[Site "Los Angeles USA"]
[Date "2000.07.28"]
[Round "4"]
[White "Lakdawala,C"]
[Black "Ehlvest,J"]
[Result "1/2-1/2"]
[WhiteElo "2434"]
[BlackElo "2627"]

1.Nf3 Nf6 2.c4 b6 3.g3 c5 4.Bg2 Bb7 5.O-O e6 6.Nc3 d6 7.d4 cxd4 8.Qxd4 a6
9.Rd1 Be7 10.Bg5 Nbd7 11.Qd2 Rc8 12.Bf4 Rxc4 13.Bxd6 Rc8 14.Bf4 Bb4 15.Bd6 Bxd6
16.Qxd6 Qe7 17.Ne5 Bxg2 18.Nxd7 Nxd7 19.Kxg2 Qxd6 20.Rxd6 Ke7 21.Rad1 Rc7
22.f4 Rb8 23.Kf3 Nc5 24.e4 Rd7 25.e5 Rc7 26.R1d2 h6 27.g4 Rbb7 28.Rd8  1/2-1/2

[Event "World Open"]
[Site "Philadelphia USA"]
[Date "2000.07.28"]
[Round "1"]
[White "Bauer,Ri"]
[Black "Ehlvest,J"]
[Result "1/2-1/2"]
[WhiteElo "2284"]
[BlackElo "2622"]

1.Nf3 c5 2.c4 g6 3.g3 Bg7 4.Bg2 Nc6 5.O-O a6 6.Nc3 Rb8 7.a4 d6 8.d3 Nh6 9.Bd2 O-O
10.Rb1 Nf5 11.Ne1 Bd7 12.Nc2 Nfd4 13.Nxd4 cxd4 14.Nd5 a5 15.b4 e6 16.b5 Ne5
17.Nf4 b6 18.Bc1 Bc8 19.Bb2 Nd7 20.e3 dxe3 21.fxe3 Bxb2 22.Rxb2 Qc7 23.Rbf2 Bb7
24.Bxb7 Qxb7 25.Qg4 Rbe8 26.Qg5 f6 27.Qg4 f5 28.Qe2 Nf6 29.Qf3 Qxf3 30.Rxf3 Nd7
31.d4 Nf6 32.R3f2 Rc8 33.Rc2 e5 34.Nd3 Rfe8 35.dxe5 dxe5 36.c5 e4 37.Nb2 Ng4
38.Re1 bxc5 39.Nc4 Rcd8 40.Nxa5 Ra8 41.Nc6 Rxa4 42.h3 Ne5 43.Nxe5 Rxe5 44.Rb1 Rb4
45.Rcb2 Rxb2 46.Rxb2 c4 47.b6 Re8 48.g4 Kg7 49.Kf2 c3 50.Rc2 Rb8 51.Rxc3 Rxb6
52.Rc7+ Kh6 53.Kg3 Rb1 54.gxf5 gxf5 55.Kh4 Rg1 56.Re7 Rf1 57.Re6+ Kg7 58.Kg5 h6+
59.Rxh6 Rg1+ 60.Kh5 Rg3 61.Ra6 Kf7 62.Ra3 Rxh3+ 63.Kg5 Rf3 64.Ra6 Ke7 65.Rb6 Kd7
66.Ra6 f4 67.exf4 e3 68.f5 Rf2 69.Re6 e2 70.Kg4  1/2-1/2